书目信息 |
| 题名: |
毒品成瘾矫治概论
|
|
| 作者: | 施红辉 , 李荣文 , 蔡燕强 主编 | |
| 分册: | ||
| 出版信息: | 北京 科学出版社 2009.06 |
|
| 页数: | 482页 | |
| 开本: | 26cm | |
| 丛书名: | ||
| 单 册: | ||
| 中图分类: | R163 | |
| 科图分类: | ||
| 主题词: | 戒毒--jie du--基本知识 | |
| 电子资源: | ||
| ISBN: | 978-7-03-024516-8 | |
| 000 | 00911nam0 2200265 450 | |
| 001 | 012009348073 | |
| 005 | 20091128143311.98 | |
| 010 | @a978-7-03-024516-8@dCNY75.00 | |
| 100 | @a20091128d2009 em y0chiy0120 ea | |
| 101 | 0 | @achi |
| 102 | @aCN@b110000 | |
| 105 | @ay a 000yy | |
| 106 | @ar | |
| 200 | 1 | @a毒品成瘾矫治概论@Adu pin cheng yin jiao zhi gai lun@f施红辉, 李荣文, 蔡燕强主编@Fshi hong hui,li rong wen,cai yan qiang zhu bian |
| 210 | @a北京@c科学出版社@d2009.06 | |
| 215 | @a482页@d26cm | |
| 320 | @a有书目 (第481-482页) | |
| 330 | @a本书主要内容包括:毒品成瘾矫治的基础理论,毒品及毒品成瘾矫治工作法律制度,我国毒品成瘾矫治工作的管理等。 | |
| 606 | 0 | @a戒毒@Ajie du@x基本知识 |
| 690 | @aR163@v4 | |
| 701 | 0 | @a施红辉@Ashi hong hui@4主编 |
| 701 | 0 | @a李荣文@Ali rong wen@4主编 |
| 701 | 0 | @a蔡燕强@Acai yan qiang@4主编 |
| 801 | 0 | @aCN@bQSSK@c20091128 |
| 905 | @b766799@dR163@eS491@f1 | |
| 毒品成瘾矫治概论/施红辉, 李荣文, 蔡燕强主编.-北京:科学出版社,2009.06 |
| 482页;26cm |
| ISBN 978-7-03-024516-8:CNY75.00 |
| 本书主要内容包括:毒品成瘾矫治的基础理论,毒品及毒品成瘾矫治工作法律制度,我国毒品成瘾矫治工作的管理等。 |
| ● |
| 相关链接 |
|
|
|
正题名:毒品成瘾矫治概论
索取号:R163/S491
 
预约/预借
| 序号 | 登录号 | 条形码 | 馆藏地/架位号 | 状态 | 备注 |
| 1 | 766799 | 207667997 | 自科库401/401自科库 6排4列3层/ [索取号:R163/S491] | 在馆 |